[Event "Challenge"]
[Site "http://www.queenalice.com/game.php?id=788070"]
[Date "2010.6.10"]
[Round "-"]
[White "debia"]
[Black "wellcome"]
[Result "0-1"]
[WhiteElo "1591"]
[BlackElo "1533"]

1. e4 e5 2. Nf3 f6 3. Bc4 Ne7 4. Nc3 a6 5. Nh4 g5 6. Qh5+ Ng6 7. Nxg6 hxg6 8.
Qxh8 b5 9. Bd5 c6 10. Bg8 Qe7 11. h4 Bg7 12. Bb3+ Bxh8 13. hxg5 Bg7 14. Rh7 fxg5
15. d3 b4 16. Na4 g4 17. Nb6 Bb7 18. Nxa8 Bxa8 19. Bh6 Qh4 20. Rxg7 Qxh6 21.
Rg8+ Ke7 22. Ke2 Qh5 23. g3 c5 24. Rxb8 Bc6 25. Ra8 Bxa8 26. c3 bxc3 27. bxc3
Bc6 28. a4 a5 29. Bc4 Qh2 30. Rb1 Qg2 31. Rb6 Qf3+ 32. Kf1 Qh1+ 33. Ke2 Bxa4 34.
Bb3 Qf3+ 35. Ke1 Bxb3 36. Rxb3 Qxd3 37. Ra3 Qxe4+ 38. Kd1 Qb1+ 0-1

[Event "Challenge"]
[Site "http://www.queenalice.com/game.php?id=812703"]
[Date "2010.8.3"]
[Round "-"]
[White "debia"]
[Black "wellcome"]
[Result "0-1"]
[WhiteElo "1585"]
[BlackElo "1551"]

1. d4 d5 2. Nc3 e6 3. a3 a6 4. Nf3 f6 5. h3 c6 6. Bf4 Nd7 7. b4 b5 8. h4 h5 9.
e4 Ne7 10. e5 g6 11. g3 a5 12. Qb1 a4 13. Bh3 Nb6 14. exf6 Ng8 15. Bg5 Nxf6 16.
Ne5 Bd7 17. Nxg6 Rg8 18. Ne5 Bd6 19. O-O Nc4 20. Nf3 Qe7 21. Nd2 Nxd2 22. Bxd2
Ne4 23. Nxe4 dxe4 24. Qd1 Qxh4 25. Bg2 Qg4 26. Qe1 h4 27. f3 exf3 28. Rxf3 Bxg3
29. Qf1 Qxd4+ 30. Be3 Qg7 31. Bf4 Bxf4 32. Rxf4 h3 33. Rf2 hxg2 34. Qe1 O-O-O
35. Rd1 Rdf8 36. Rdd2 Rxf2 37. Rxf2 Qg3 38. Rf8+ Kc7 39. Rf2 Qh4 40. Qe5+ Kb7
41. Rxg2 Rxg2+ 42. Kxg2 Qg4+ 43. Kh1 Qd1+ 44. Kh2 Qxc2+ 45. Kg3 Qb3+ 46. Kf4
Qxa3 47. Kg5 Qxb4 48. Kh5 Kb6 49. Qb8+ Kc5 50. Qa7+ Kd6 51. Qb8+ Ke7 52. Qg8
Qc5+ 53. Kh4 Qf2+ 54. Kh3 e5+ 55. Qg4 Bxg4+ 56. Kxg4 a3 0-1

[Event "Challenge"]
[Site "http://www.queenalice.com/game.php?id=821925"]
[Date "2010.8.23"]
[Round "-"]
[White "wellcome"]
[Black "Football_rules"]
[Result "0-1"]
[WhiteElo "1545"]
[BlackElo "1584"]

1. d4 d5 2. Nc3 Nc6 3. e3 e6 4. Nf3 f6 5. Bb5 a6 6. Bxc6+ bxc6 7. O-O Bd6 8. a4
g5 9. h3 h5 10. Qd3 Ne7 11. b3 g4 12. hxg4 hxg4 13. Nh2 Bxh2+ 14. Kh1 Qd6 15.
Ba3 Qd7 16. Bxe7 Qxe7 17. Qg6+ Kd7 18. g3 Bxg3+ 19. Kg2 Bd6 20. Qxg4 Bb7 21. f4
Rag8 22. Qxg8 Rxg8+ 23. Kf2 f5 24. Rh1 c5 25. a5 cxd4 26. exd4 Bxf4 27. Rh4
Qxh4+ 0-1

[Event "Challenge"]
[Site "http://www.queenalice.com/game.php?id=821964"]
[Date "2010.8.23"]
[Round "-"]
[White "wellcome"]
[Black "rdaigle2003"]
[Result "0-1"]
[WhiteElo "1566"]
[BlackElo "1756"]

1. d4 Nf6 2. e3 d5 3. c3 Bd7 4. h4 Bc6 5. f3 e6 6. g4 h6 7. h5 Nbd7 8. Nd2 Bd6
9. Nh3 Qe7 10. Bg2 O-O-O 11. O-O Bb5 12. Rf2 Bg3 13. Qb3 Ba6 14. Bf1 Bxf2+ 15.
Kxf2 Bxf1 16. Kxf1 Qd6 17. a4 g6 18. hxg6 fxg6 19. c4 Qh2 20. Nf2 g5 21. cxd5
exd5 22. a5 a6 23. Ke2 h5 24. Nf1 Qg2 25. Bd2 hxg4 26. fxg4 Nxg4 27. Be1 Rh1 0-1

[Event "Challenge"]
[Site "http://www.queenalice.com/game.php?id=822051"]
[Date "2010.8.23"]
[Round "-"]
[White "claudiocaire"]
[Black "wellcome"]
[Result "1-0"]
[WhiteElo "1530"]
[BlackElo "1568"]

1. e4 e5 2. Qh5 h6 3. Qxe5+ Ne7 4. Bc4 d6 5. Qf4 f6 6. Nc3 c6 7. b4 b5 8. Bb3
Ng6 9. Qg3 Ne5 10. d4 Ned7 11. d5 cxd5 12. Bxd5 Qc7 13. Nxb5 Qa5 14. bxa5 1-0

[Event "Challenge"]
[Site "http://www.queenalice.com/game.php?id=822608"]
[Date "2010.8.24"]
[Round "-"]
[White "debia"]
[Black "wellcome"]
[Result "0-1"]
[WhiteElo "1573"]
[BlackElo "1550"]

1. e4 e5 2. Bc4 Qg5 3. g3 Qg6 4. Nh3 Qxe4+ 5. Be2 Qxh1+ 6. Bf1 d6 7. Qh5 g6 8.
Qh4 Be7 9. Qa4+ c6 10. Qb4 Bxh3 11. Qc4 d5 12. Qe2 Bxf1 13. Qxf1 Qe4+ 14. Kd1
Qf3+ 15. Ke1 Nf6 16. d3 Ng4 17. Kd2 Bg5+ 18. Kc3 d4+ 19. Kb4 a5+ 20. Ka4 b5+ 21.
Kb3 a4+ 22. Kb4 Na6+ 23. Ka5 Bd8# 0-1

[Event "Challenge"]
[Site "http://www.queenalice.com/game.php?id=822609"]
[Date "2010.8.24"]
[Round "-"]
[White "wellcome"]
[Black "debia"]
[Result "1-0"]
[WhiteElo "1567"]
[BlackElo "1556"]

1. d4 d5 2. Nc3 a6 3. Nf3 f6 4. e4 e6 5. Bd3 Bb4 6. O-O h6 7. Qd2 Nc6 8. a3 Bd6
9. Re1 g5 10. h3 Bd7 11. exd5 Na5 12. dxe6 Bc6 13. d5 Bf4 14. Qe2 Bxd5 15. Nxd5
Qxd5 16. Bg6+ Kf8 17. e7+ Nxe7 18. Qxe7+ Kg8 19. Rd1 Qxd1+ 20. Ne1 Qd5 21. Bxf4
Rf8 22. Be4 Qd4 23. c3 Qa4 24. Bd5+ Rf7 25. Qxf7# 1-0

[Event "1 x 0"]
[Site "http://www.queenalice.com/game.php?id=823673"]
[Date "2010.8.26"]
[Round "-"]
[White "wellcome"]
[Black "claudiocaire"]
[Result "0-1"]
[WhiteElo "1583"]
[BlackElo "1565"]

1. d4 e6 2. e3 d5 3. Nc3 c6 4. a3 f6 5. f4 Nh6 6. h3 f5 7. Qf3 Na6 8. Bxa6 bxa6
9. Nge2 Qb6 10. O-O Be7 11. Na4 Qa5 12. b3 g5 13. Rd1 gxf4 14. Bd2 Qd8 15. Qxf4
Nf7 16. Nc5 Bxc5 17. dxc5 Rg8 18. Nd4 Ng5 19. h4 Nh3+ 20. Kh2 Nxf4 21. exf4
Qxh4+ 0-1

[Event "Challenge"]
[Site "http://www.queenalice.com/game.php?id=824092"]
[Date "2010.8.27"]
[Round "-"]
[White "wellcome"]
[Black "debia"]
[Result "0-1"]
[WhiteElo "1562"]
[BlackElo "1576"]

1. d4 d5 2. c3 Bf5 3. Nd2 Nf6 4. f3 e6 5. g4 Bg6 6. h4 h5 7. g5 Nfd7 8. e3 a6 9.
Qb3 Nb6 10. a4 a5 11. Nh3 Bd6 12. Qb5+ N8d7 13. c4 c6 14. Qb3 Bb4 15. Be2 e5 16.
c5 Nc8 17. O-O e4 18. f4 Bf5 19. Nf2 f6 20. Qd1 g6 21. b3 Bc3 22. Ra2 fxg5 23.
fxg5 Bb4 24. Ba3 Bc3 25. Nb1 Bb4 26. Bxb4 axb4 27. Qd2 Qa5 28. Qb2 Qc7 29. Nd2
Qg3+ 30. Kh1 Qxh4+ 31. Kg2 Qxg5+ 32. Bg4 hxg4 33. Rg1 g3 34. Kf1 Bh3+ 35. Nxh3
Rxh3 36. Nb1 Qxe3 37. Qg2 Qd3+ 0-1

[Event "Challenge"]
[Site "http://www.queenalice.com/game.php?id=824094"]
[Date "2010.8.27"]
[Round "-"]
[White "debia"]
[Black "wellcome"]
[Result "1-0"]
[WhiteElo "1559"]
[BlackElo "1579"]

1. e4 e5 2. Bc4 Nf6 3. a3 a5 4. Nc3 Nc6 5. Nge2 b6 6. Bb5 Ba6 7. Bxa6 Rxa6 8.
Nb5 Nxe4 9. O-O Na7 10. a4 Nxb5 11. axb5 Bc5 12. bxa6 Qa8 13. d3 Qd5 14. a7 Nd6
15. Nc3 Qa8 16. Ne4 Nxe4 17. dxe4 Qxe4 18. Qf3 Qxf3 19. gxf3 O-O 20. Rd1 d6 21.
c3 b5 22. b4 Bxa7 23. Rxa5 Bb6 24. Rxb5 f6 25. c4 Rb8 26. Rbd5 Ba7 27. b5 Rd8
28. Be3 Bxe3 29. fxe3 Rb8 30. Ra1 Rc8 31. Rd2 c6 32. b6 Rb8 33. Rb2 Kf7 34. b7
Ke7 35. Ra8 1-0

[Event "2 x 0"]
[Site "http://www.queenalice.com/game.php?id=826956"]
[Date "2010.9.2"]
[Round "-"]
[White "claudiocaire"]
[Black "wellcome"]
[Result "0-1"]
[WhiteElo "1685"]
[BlackElo "1558"]

1. e4 e5 2. Qf3 f6 3. Bc4 Ne7 4. g4 c6 5. g5 b5 6. Bb3 Ng6 7. gxf6 gxf6 8. Nh3
h5 9. Ng5 d6 10. Nf7 Bg4 11. Qe3 Nf4 12. Qg3 Ne2 13. Qh4 Qb6 14. Nxh8 Qd4 15. d3
Bg7 16. Nf7 Nxc1 17. Nd2 Qxb2 18. Rb1 Qa3 19. Rg1 Nxb3 20. Nxd6+ Ke7 21. Rxb3
Qc1# 0-1

[Event "Challenge"]
[Site "http://www.queenalice.com/game.php?id=838894"]
[Date "2010.9.27"]
[Round "-"]
[White "vega"]
[Black "wellcome"]
[Result "0-1"]
[WhiteElo "1305"]
[BlackElo "1538"]

1. Nf3 f5 2. e3 e6 3. h4 h6 4. Ne5 d6 5. Ng6 Rh7 6. Qh5 Nf6 7. Qf3 Nbd7 8. b4
Ne5 9. Qe2 Nxg6 10. g3 b6 11. Bb2 a5 12. Bxf6 Qxf6 13. c3 a4 14. Qf3 Ra7 15. Rh2
Ne5 16. Qe2 Bb7 17. Bg2 Bxg2 18. Rxg2 g5 19. hxg5 hxg5 20. Kd1 Rh1+ 21. Kc2 b5
22. Qxb5+ Nd7 23. a3 Qe5 24. Qc6 Qd5 25. Qxd5 exd5 26. d4 Nb6 27. f3 Nc4 28. Ra2
Nxe3+ 29. Kd3 Nxg2 30. Nd2 Rh3 31. Nf1 f4 32. Rxg2 g4 33. Ke2 gxf3+ 34. Kxf3 c6
35. Kg4 Rh1 36. Nd2 fxg3 37. Nf3 Rg7+ 38. Kf5 Rf1 39. Kf4 Rf7+ 40. Kxg3 R7xf3+
41. Kg4 Rxc3 42. Kg5 Rxa3 43. Kg6 Rb3 44. Re2+ Be7 45. Kg7 Rxb4 0-1

[Event "2 x 1"]
[Site "http://www.queenalice.com/game.php?id=846363"]
[Date "2010.10.15"]
[Round "-"]
[White "claudiocaire"]
[Black "wellcome"]
[Result "1-0"]
[WhiteElo "1677"]
[BlackElo "1547"]

1. e4 e5 2. Qf3 f6 3. Bc4 Ne7 4. Nh3 d6 5. Nc3 c6 6. Qe2 b5 7. Bd3 b4 8. Na4 Bd7
9. a3 c5 10. axb4 cxb4 11. Bb5 a6 12. Bxd7+ Qxd7 13. Nb6 Qc6 14. Nxa8 Qxa8 15.
b3 f5 16. exf5 Qxg2 17. Rg1 Qxh3 18. Qc4 Qxh2 19. Rf1 d5 20. Qxb4 e4 21. d3 Nxf5
22. Qa4+ Kf7 23. dxe4 dxe4 24. Qxe4 g6 25. Bf4 Qh4 26. Rh1 Bb4+ 27. Kd1 Qd8+ 28.
Kc1 Qd4 29. Qxd4 Nxd4 30. Be5 Ne2+ 31. Kd1 Re8 32. Bxb8 Nc3+ 33. Kc1 Rxb8 34.
Rxh7+ Kf6 35. Rxa6+ Kg5 36. Kb2 Nd1+ 37. Kc1 Nxf2 38. Rf7 Ne4 39. Rg7 Nc5 40.
Raxg6+ Kh5 41. Rg2 Kh6 42. R7g3 1-0

[Event "Challenge"]
[Site "http://www.queenalice.com/game.php?id=846725"]
[Date "2010.10.16"]
[Round "-"]
[White "wellcome"]
[Black "debia"]
[Result "0-1"]
[WhiteElo "1531"]
[BlackElo "1550"]

1. e3 e5 2. Nf3 f6 3. d3 d6 4. c4 Ne7 5. Qb3 b6 6. Nc3 c6 7. e4 Na6 8. a3 Nc5 9.
Qc2 a5 10. a4 h6 11. h4 f5 12. Be3 f4 13. Bxc5 dxc5 14. Nxe5 Qd4 15. Nf3 Qf6 16.
e5 Qf5 17. g4 Qxg4 18. Be2 Qg2 19. Rg1 Qh3 20. Ne4 Nf5 21. O-O-O Nd4 22. Nxd4
cxd4 23. Nd6+ Ke7 24. Rh1 Qe6 25. Qd2 Qxe5 26. Nxc8+ Rxc8 27. Rde1 Kd8 28. Bg4
Qd6 29. Bxc8 Kxc8 30. Qe2 Kc7 31. h5 Qb4 32. Qe5+ Kb7 33. Qxf4 Bd6 34. Qf7+ Ka6
35. Qxg7 Rf8 36. Qxd4 Rf4 37. Re4 Bc5 38. Qh8 Rf8 39. Qxh6 Rxf2 40. Rd1 Qxb2#
0-1

[Event "Challenge"]
[Site "http://www.queenalice.com/game.php?id=846726"]
[Date "2010.10.16"]
[Round "-"]
[White "debia"]
[Black "wellcome"]
[Result "0-1"]
[WhiteElo "1565"]
[BlackElo "1516"]

1. e4 e5 2. Nf3 f6 3. g4 d6 4. h3 Ne7 5. Bc4 c6 6. Nc3 g5 7. d3 b5 8. Bb3 a5 9.
a4 b4 10. Na2 c5 11. Be3 Nbc6 12. c3 Ba6 13. c4 h6 14. Qe2 Qb6 15. O-O O-O-O 16.
h4 Ng6 17. h5 Nh4 18. Nxh4 gxh4 19. Qf3 Bg7 20. Qf5+ Rd7 21. Kg2 Ne7 22. Qe6 Qc6
23. Qf7 Nf5 24. Qe6 Ne7 25. Rh1 Kd8 26. Rxh4 Bc8 27. Qf7 Nf5 28. Qd5 Nxh4+ 29.
Kg3 Qxd5 30. cxd5 f5 31. Kxh4 f4 32. Bd2 Bf6+ 33. Kh3 Ba6 34. Nc1 Bg5 35. f3 Be7
36. Bc2 c4 37. Rb1 b3 38. Bd1 cxd3 39. Bxb3 Rb7 40. Bxa5+ Kd7 41. Ba2 Rhb8 42.
b3 Rc8 43. Bd2 Rc2 44. Ba5 d2 45. Bxd2 Rxd2 46. b4 Bf1# 0-1

[Event "3 x 1"]
[Site "http://www.queenalice.com/game.php?id=853426"]
[Date "2010.11.2"]
[Round "-"]
[White "wellcome"]
[Black "claudiocaire"]
[Result "0-1"]
[WhiteElo "1534"]
[BlackElo "1580"]

1. d4 d5 2. c3 Nf6 3. Qb3 Na6 4. e3 Ne4 5. f3 Ng5 6. h4 Ne6 7. Bxa6 bxa6 8. Qa4+
Bd7 9. Qxa6 f6 10. Na3 g5 11. h5 c5 12. Nc2 c4 13. Nb4 Nc7 14. Qa5 e6 15. b3
cxb3 16. axb3 Bxb4 17. Qxb4 Rb8 18. Qa3 Nb5 19. Qb2 e5 20. dxe5 fxe5 21. c4 dxc4
22. Qxe5+ Kf7 23. Bb2 Re8 24. Qg7+ Ke6 25. Bf6 Qxf6 26. Qxf6+ Kxf6 27. bxc4 Nc3
28. Rxa7 Re7 29. Ra6+ Kf7 30. e4 Rb2 31. Nh3 Bxh3 32. gxh3 Rb1+ 33. Kd2 Nxe4+
34. fxe4 Rxh1 35. Ra5 Rxh3 36. Rxg5 Ra7 37. Rf5+ Ke6 38. Rf1 Raa3 39. Rf2 Ra2+
40. Ke1 Re3+ 41. Kf1 Ra1+ 0-1

[Event "4 x 1"]
[Site "http://www.queenalice.com/game.php?id=865422"]
[Date "2010.11.29"]
[Round "-"]
[White "wellcome"]
[Black "claudiocaire"]
[Result "0-1"]
[WhiteElo "1520"]
[BlackElo "1570"]

1. d4 d5 2. c3 Nf6 3. Qb3 Bf5 4. Nd2 Ne4 5. f3 Nxd2 6. Bxd2 b6 7. g4 Be6 8.
O-O-O c5 9. Bf4 cxd4 10. Bxb8 Rxb8 11. cxd4 f5 12. Qb5+ Bd7 13. Qxd5 e6 14. Qc4
Rc8 0-1